000 005360000a22001810004500
003 MACL
005 20160228164458.0
008 160228b xxu||||| |||| 00| 0 eng d
040 _aMACL
_cMACL
041 _aHindi
082 _a800
100 _aडॉ रामविनोद सिंह
_941448
245 _aसमकालीन हिन्‍दी उपन्‍यास
260 _bअनुपम प्रकाशन
_c1986
_aपटना
350 _a60
650 _aLiteracture
_941449
942 _cHIN
_k800
_2ddc
999 _c28783
_d28783